00490nam a2200145Ia 4500008004100000041000800041082001500049100001600064245004500080250001400125260003900139300002800178999001500206952012300221240624s9999 xx 000 0 und d aeng a658.45 MUN aMUNTER MARY aGUIDE TO MANAGERIAL COMMUNICAITON EFFECT a(7th ed.) c2008aNew DelhibPearson Education ax, : 193 : p. : cm ; 22 c8638d8638 00104070aIMTNbIMTNcRack 33-Ad2008-05-05l1o658.45 MUNp8638r2024-08-25 00:00:00s2024-07-14t1w2024-06-24yBK